000 01314nam0a22002891 4500
001 rc\2190691
005 20110829164104.7
035 _a(NLR Aleph) 006612506
090 _a7364017
_c7364017
100 _a20110829d1978 |||y0rusy50 ca
101 0 _arus
102 _aRU
105 _ay z |||||
200 1 _aМетодологические основы определения эффективности затрат на предотвращение загрязнения морской среды и использование ее ресурсов
_eПрепринт науч. докл.
210 _aКиев
_cИн-т экономики
_d1978
215 _a39 с.
_cграф.
_d21
300 _aНа обороте тит. л. авт.: чл.-кор. АН УССР Мелешкин М.Т. и д. т. н., проф. Башкиров Г.С. На обл. авт. не указаны
300 _aВ надзаг.: Ин-т экономики АН УССР
700 1 _aМелешкин
_bМ. Т.
_gМихаил Тимофеевич
701 1 _aБашкиров
_bГ. С.
_gГеннадий Сергеевич
801 0 _aRU
_bNLR
_gpsbo
801 1 _aRU
_bELAR
_2rusmarc
852 _aNLR
_j79-4/12772
899 _aRuMoRGB
_jB 79-30/1725
899 _aRuMoRGB
_j801-83/13936-7
942 _cBOOK
980 _aNB